Lilavati of Bhaskaracarya (Record no. 14120)

MARC details
000 -LEADER
fixed length control field 00618nam a2200193Ia 4500
003 - CONTROL NUMBER IDENTIFIER
control field IN-BaIIA
008 - FIXED-LENGTH DATA ELEMENTS--GENERAL INFORMATION
fixed length control field 211028s9999 xx 000 0 eng d
020 ## - INTERNATIONAL STANDARD BOOK NUMBER
International Standard Book Number 81-208-1420-7
040 ## - CATALOGING SOURCE
Transcribing agency IIA Library
080 ## - UNIVERSAL DECIMAL CLASSIFICATION NUMBER
Universal Decimal Classification number [8]:01:00
Item number PAT
100 ## - MAIN ENTRY--PERSONAL NAME
Personal name Patwardhan, K. S
9 (RLIN) 24846
245 #0 - TITLE STATEMENT
Title Lilavati of Bhaskaracarya
Remainder of title a treatise of mathematics of vedic tradition
Statement of responsibility, etc. K. S. Patwardhan and S. A. Naimpally; translated by S. L. Singh
260 ## - PUBLICATION, DISTRIBUTION, ETC.
Place of publication, distribution, etc. Delhi
Name of publisher, distributor, etc. Motilal Banarsidass
Date of publication, distribution, etc. 2001
300 ## - PHYSICAL DESCRIPTION
Extent xxv, 201p.
650 ## - SUBJECT ADDED ENTRY--TOPICAL TERM
Topical term or geographic name entry element Mathematics
9 (RLIN) 82
700 ## - ADDED ENTRY--PERSONAL NAME
Personal name Naimpally, S. A
9 (RLIN) 24847
700 ## - ADDED ENTRY--PERSONAL NAME
Personal name Singh, S. L., tr.
9 (RLIN) 24848
942 ## - ADDED ENTRY ELEMENTS (KOHA)
Koha item type Books
Holdings
Withdrawn status Lost status Damaged status Not for loan Home library Current library Shelving location Date acquired Cost, normal purchase price Total Checkouts Full call number Barcode Date last seen Cost, replacement price Price effective from Koha item type Purchase Price
        IIA Library-Bangalore IIA Library-Bangalore General Stacks 23/03/2001 495.00   92:51/ PAT 15040 05/11/2021 495.00 23/03/2001 Books Rs. 495.00

Powered by Koha